000 00823cab a2200229 4500
001 ABS49197
008 090401t1993 xxu||||| |||| 00| 0 eng d
035 _a(Sirsi) u70315
041 _aeng
100 _aWright, M.
245 _aPointing out the paintball pitfalls
260 _c1993
350 _a0
490 _aCS Monthly : Rural Practice
_v3(1) September 1993, 11(1)
520 _aReports on the growing interest in paintball adventure games and reviews the "Guide to good environmental practice" issued by English Nature and the European Paintball Sports Federation to help paintball operators chose and use sites to avoid harming wildlife.
650 _aGUIDANCE NOTE
650 _aPAINTBALL GAMES
690 _aLEISURE AND RECREATION
700 _aHamersley, G.
942 _n0
948 _c04/03/1997
999 _c44214
_d44214